| 000 | 00601nam a22001697a 4500 | ||
|---|---|---|---|
| 003 | OSt | ||
| 005 | 20171010095518.0 | ||
| 008 | 120816t xxu||||| |||| 00| 0 eng d | ||
| 040 |
_aMMSU _cULS |
||
| 100 |
_aAndres, Nonalynne M. _912182 |
||
| 245 |
_aBeliefs and practices of mpothers in relation to their compliance to prenatal care _cNonalynne M. Andres |
||
| 260 | _c2000 | ||
| 300 |
_axiv, 125 leaves _c28 cm. |
||
| 500 | _aThesis (MA Nursing-Maternal & Child Nursing) -- Mariano Marcos Ste University-Graduate School, Laoag City | ||
| 504 | _aBibliography: leaves 89-94 | ||
| 942 |
_2ddc _cTHEDIS |
||
| 999 |
_c9751 _d9751 |
||